Catalogue de la Bibliothèque de l'ENSA

Le petit Larousse illustré (notice nᵒ 5710)

détails MARC
000 -LEADER
fixed length control field 00724nam a2200193Ia 4500
008 - FIXED-LENGTH DATA ELEMENTS--GENERAL INFORMATION
fixed length control field 160105s9999 xx 000 0 und d
020 ## - INTERNATIONAL STANDARD BOOK NUMBER
International Standard Book Number 2-85340-812-4
041 ## - LANGUAGE CODE
Language code of text/sound track or separate title fre
245 ## - TITLE STATEMENT
Title Le petit Larousse illustré
260 ## - PUBLICATION, DISTRIBUTION, ETC.
Place of publication, distribution, etc Paris
260 ## - PUBLICATION, DISTRIBUTION, ETC.
Name of publisher, distributor, etc Larousse
260 ## - PUBLICATION, DISTRIBUTION, ETC.
Date of publication, distribution, etc 1996
490 ## - SERIES STATEMENT
Series statement Dictionnaire encyclopédique
500 ## - GENERAL NOTE
General note Cotes d'origine affectées par la BC : BC_647 80/B devient TA_4582 , BC_647 80/D devient BO_038 PET et BC : BC_647 80/E devient SS_038 LAR , C versé en Phytotechnie, F versé au Génie Rural (F : perdu au Génie rural), Cotes d'origine affectées par la BC : BC_647 80/C devient AG_038 LA
654 ## - SUBJECT ADDED ENTRY--FACETED TOPICAL TERM
General subdivision DICTIONNAIRE/FRANCAIS
942 ## - ADDED ENTRY ELEMENTS (KOHA)
Koha item type Ouvrage
994 ## -
-- 105764
Exemplaires
Withdrawn status Lost status Damaged status Use restrictions Not for loan Home library Current library Cost, normal purchase price Shelving control number Total Checkouts Total Renewals Total Holds Full call number Barcode Cost, replacement price Koha item type
          Bibliothèque Centrale Bibliothèque Centrale 0.00         BC_647 80/A BC_647 80/A 0.00 Ouvrage
          Département de Botanique Département de Botanique 0.00         BO_038 PET BO_038 PET 0.00 Ouvrage
          Département de Génie Rural Département de Génie Rural 0.00         BC_647 80/F BC_647 80/F 0.00 Ouvrage
          Département de Phytotechnie Département de Phytotechnie 0.00         AG_038 LAR AG_038 LAR 0.00 Ouvrage
          Département de Sciences du Sol Département de Sciences du Sol 0.00         SS_038 LAR SS_038 LAR 0.00 Ouvrage
          Département de Technologie Alimentaire Département de Technologie Alimentaire 0.00         TA_4582 TA_4582 0.00 Ouvrage

Adresse: Ecole Nationale Supérieure Agronomique Hassen Badi - El Harrach Alger, Algérie

Tél +213 (0) 23 82 85 07+213 (0) 23 82 85 12 Fax +213 23 82 85 03/04 Courriel: bibliotheque@edu.ensa.dz